Le Carnaval des animaux - Statistiques

Statistiques générales
  • Ce quiz a été pris 83 fois
  • Le résultat moyen est 6 sur 13
Statistiques - réponses
Numéro du mouvement Titre % Correct
V L'éléphant
84%
I Marche royale du lion
84%
VII Aquarium
73%
XIII Le cygne
55%
X Volière
51%
II Poules et coqs
41%
IV Tortues
39%
VIII Personnages à longues oreilles
35%
VI Kangourous
34%
XII Fossiles
28%
XI Pianistes
26%
IX Le coucou au fond des bois
19%
III Hémiones
16%
Aucun quiz correspondant
Distribution des résultats
% des personnes avec chaque résultat
Percentile par nombre de réponses
Votre historique - résultats
Vous n’avez pas pris ce quiz